Central Library and Information Centre
Sibsagar Girls' College, Sivasagar : Assam

UCHHATAR MADHYAMIK RAJNITI BIGYAN (Record no. 4067)

MARC details
000 -LEADER
fixed length control field 00430cam a2200181ua 4500
008 - FIXED-LENGTH DATA ELEMENTS--GENERAL INFORMATION
fixed length control field 181004n1994 II |||gr||||Z||||||asm
040 ## - CATALOGING SOURCE
Original cataloging agency MAIN
041 ## - LANGUAGE CODE
-- English
041 ## - LANGUAGE CODE
-- asm
082 ## - DEWEY DECIMAL CLASSIFICATION NUMBER
Classification number 320 NAY
100 ## - MAIN ENTRY--PERSONAL NAME
Personal name NAYAK, PAL, CHAKRAVARTY
245 ## - TITLE STATEMENT
Title UCHHATAR MADHYAMIK RAJNITI BIGYAN
260 ## - PUBLICATION, DISTRIBUTION, ETC.
Place of publication, distribution, etc. GUWAHATI
Name of publisher, distributor, etc. ASSAM BOOK DEPOT
Date of publication, distribution, etc. 1994
300 ## - PHYSICAL DESCRIPTION
Extent 350:
Dimensions 20CM.
942 ## - ADDED ENTRY ELEMENTS (KOHA)
Koha item type Books
653 ## - INDEX TERM--UNCONTROLLED
Uncontrolled term Political science
Holdings
Withdrawn status Lost status Damaged status Not for loan Collection code Home library Current library Shelving location Date acquired Full call number Barcode Date last seen Copy number Price effective from Koha item type Public note
Withdrawn       TBPSC Central Library and Information Centre Sibsagar Girls College Central Library and Information Centre Sibsagar Girls College Staff Office 06.06.1990 320 NAY 12358 27.02.2020 1 27.02.2020 Books V
        REFENG Central Library and Information Centre Sibsagar Girls College Central Library and Information Centre Sibsagar Girls College ENGLISH REFERENCE RACK 06.06.1990 320 NAY 12359 27.02.2020 2 27.02.2020 Books V
        TBPSC Central Library and Information Centre Sibsagar Girls College Central Library and Information Centre Sibsagar Girls College Political Science Rack 06.06.1990 320 NAY 12360 27.02.2020 3 27.02.2020 Books  
        TBPSC Central Library and Information Centre Sibsagar Girls College Central Library and Information Centre Sibsagar Girls College Political Science Rack 06.06.1990 320 NAY 12361 27.02.2020 4 27.02.2020 Books  
        TBPSC Central Library and Information Centre Sibsagar Girls College Central Library and Information Centre Sibsagar Girls College Political Science Rack 06.06.1990 320 NAY 12362 27.02.2020 5 27.02.2020 Books  


Sibsagar Girl's College © 2020. All rights reserved.
Powered by Koha.
Maintained by Abhijit Borpuzari.